Pays sans les lettres de "PAYS-BAS" - Statistiques

Statistiques générales
  • Ce quiz a été pris 9 fois
    3 depuis la dernière actualisation
  • Le résultat moyen est 14 sur 21
Statistiques - réponses
Continents Pays % Correct
Amérique du Sud Chili
100%
Asie Chine
100%
Asie Corée du Nord
100%
Océanie Fidji
100%
Asie Inde
100%
Asie Koweït
100%
Europe Norvège
100%
Afrique Togo
100%
Asie Turquie
100%
Asie Géorgie
50%
Europe Grèce
50%
Afrique Guinée
50%
Europe Hongrie
50%
Europe Lettonie
50%
Amérique du Nord Mexique
50%
Asie Mongolie
50%
Afrique Niger
50%
Europe Tchéquie
50%
Afrique Côte d'Ivoire
0%
Amérique du Nord Dominique
0%
Europe Monténégro
0%
Aucun quiz correspondant
Distribution des résultats
% des personnes avec chaque résultat
Percentile par nombre de réponses
Votre historique - résultats
Vous n’avez pas pris ce quiz depuis la dernière actualisation